000 00967nam a22002057a 4500
003 OSt
005 20160620110100.0
008 140214b2011 els spa
040 _cBMC
082 _a658.1
100 1 _934624
_aGarcía Arriaga, Claudia Lorena
245 1 0 _aPasantía de asistente administrativa a la Dirección Comerical de Implementos Agrícolas Centroamericanos S.A. de C.V. (IMACASA)
_b: Informe final
_cClaudia Lorena García Arriaga
260 _aSanta Ana (El Salvador)
_bUniversidad Católica de El Salvador
_c2011
300 _a1 v. (pág. var.)
_c27 cm
_e
500 _aPrecede al tít.: Universidad Católica de El Salvador, Facultad de Ciencias Empresariales
502 _aTrabajo de graduación para optar al grado académico de Licenciatura en Administración de Empresas
650 2 4 _98517
_aOrganización de la empresa
710 2 _91067
_aUniversidad Católica de El Salvador
_bFacultad de Ciencias Empresariales
942 _2ddc
_cTG
999 _c21145
_d21145